20 Least Visited Countries in the World - Statistics

General Stats
  • This quiz has been taken 78 times
  • The average score is 16 of 20
Answer Stats
1 Continents Countries % Correct
nr Oceania Nauru
92%
tv Oceania Tuvalu
89%
fm Oceania Federated States of Micronesia
87%
sb Oceania Solomon Islands
87%
ki Oceania Kiribati
84%
to Oceania Tonga
84%
mh Oceania Marshall Islands
82%
ss Africa South Sudan
82%
km Africa Comoros
79%
gq Africa Equatorial Guinea
79%
gn Africa Guinea
79%
af Asia Afghanistan
77%
ly Africa Libya
77%
gw Africa Guinea-Bissau
76%
mr Africa Mauritania
76%
st Africa São Tomé and Príncipe
76%
so Africa Somalia
76%
lr Africa Liberia
74%
tm Asia Turkmenistan
73%
sl Africa Sierra Leone
66%
No matching quizzes found
Score Distribution
Percent of People with Each Score
Percentile by Number Answered
Your Score History
You have not taken this quiz